Soil microorganisms for plant growth promotion and soil health /

Provides readers with an overview of plant growth-promoting microorganisms and their molecular mechanisms to improve plant growth and soil health.

Bibliographic Details
Corporate Author: ScienceDirect (Online service)
Other Authors: Santoyo, Gustavo (Editor)
Format: eBook
Language:English
Published: Amsterdam, Netherlands ; Cambridge, MA : Elsevier, [2026]
Subjects:
Online Access:Connect to the full text of this electronic book

MARC

Tag First Indicator Second Indicator Subfields
LEADER 00000cam a2200000 i 4500
001 in00005776312
005 20260327191530.6
006 m o d
007 cr un|||||||||
008 251015t20262026ne a ob 001 0 eng d
040 |a UKKRT  |b eng  |e rda  |e pn  |c UKKRT  |d EBLCP  |d YDX  |d OPELS  |d OCLCO  |d EMU  |d N$T  |d OCLCQ  |d YDX 
019 |a 1545631178 
020 |a 9780443340567  |q electronic book 
020 |a 0443340560  |q electronic book 
020 |z 9780443340550  |q paperback 
035 |a (OCoLC)1545492136  |z (OCoLC)1545631178 
050 4 |a QR111  |b .S65 2026 
082 0 4 |a 579/.1757  |2 23/eng/20260113 
049 |a TXAM 
245 0 0 |a Soil microorganisms for plant growth promotion and soil health /  |c edited by Gustavo Santoyo. 
264 1 |a Amsterdam, Netherlands ;  |a Cambridge, MA :  |b Elsevier,  |c [2026] 
264 4 |c ©2026 
300 |a 1 online resource 
336 |a text  |b txt  |2 rdacontent 
337 |a computer  |b c  |2 rdamedia 
338 |a online resource  |b cr  |2 rdacarrier 
504 |a Includes bibliographical references and index. 
505 0 |a Soil microorganisms and their role in sustainable agriculture / Gustavo Santoyo -- Diversity of soil microorganisms and their impact on soil functions / Amir Hosein Yadegari, Hassan Etesami -- Soil microorganisms for plant growth promotion and plant health / Samir Ben Romdhane, Moncef Mrabet, Olubukola Oluranti Babalola -- Azospirillum and its influence on efficient nutrient acquisition by plants: a model beyond phytohormones / Sofía Nievas, Anahí Coniglio, Verónica Mora -- Value-added coproducts from biofuel-based biorefinery enhance soil health by microbiome manipulation / Ugo De Corato, Egidio Viola, Nilanjan Chakraborty -- The rhizosphere as a source of microbial endophytes: novel insights into plant beneficial interactions / Wiwiek Harsonowati, Jati Purwani, Faraz Akram -- Contribution of arbuscular mycorrhizal fungi for stimulating plant nutrition and soil health / Shraddha Bhaskar Sawant, Gurleen Kaur Sodhi, Debasis Mitra -- Growth promoting bacteria and mycorrhizal fungi for plant and soil health / Giselle Gomes Monteiro Fracetto, Felipe José Cury Fracetto, Gabryella Dayane Menezes Galvão -- Utilizing microorganisms to enhance fertilization efficiency, productivity, and quality of agricultural products: a sustainable approach to agricultural development / Fernando Shintate Galindo, Carlos Eduardo da Silva Oliveira, Marcelo Carvalho Minhoto Teixeira Filho -- Auxin and cytokinin in the regulation of plant growth by soil bacteria / Javier Raya-González, Jesús Salvador López Bucio, José López-Bucio -- Stimuli-responsive release of microbial metabolites loaded nanoformulations at rhizosphere microenvironment for enhanced plant health / Haripriya Shanmugam, Shandeep Ganeshan, Oviya Govindaraj -- Soil microbial enzyme activities as indicators of soil health / Syafiqa Pramunadipta, Wiwiek Harsonowati, Rashid Iqbal -- 
505 8 |a Plant growth-promoting bacteria for managing oomycete plant pathogens / Hilda E. Ramos-Aboites, Sebastian Cano-Serrano, Ma. del Carmen Orozco-Mosqueda -- Lysobacter: an emerging frontier in sustainable control of soilborne phytopathogenic microorganisms / Amulya Jain Dinesh Kothari, Alessio Martini, Gerardo Puopolo -- Trichoderma in soil ecosystems: enzymes, secondary metabolites, and ecological adaptation / Edgardo Sepúlveda, Yessica Osorio Sánchez, Carmen Sanjuana Delgado Ramírez -- Plant growth promotion by bacterial cyclodipeptides: novel insights into TOR/S6K pathway activation / Homero Reyes de la Cruz, Jesus Campos-García, Omar González-López -- Volatiles produced by soil bacteria as biocontrol and plant growth agents / Paola Fincheira, Andrés Quiroz -- The relevant role of soil microorganisms in ameliorating abiotic stress in crop plants / Ayomide Emmanuel Fadiji, Adedayo Ayodeji Lanrewaju, Olubukola Oluranti Babalola -- The soil microbiome: a paradigm for arid land conservation / Guadalupe Medina De la Rosa, Ángel de Jesús Estrada González, Nguyen Esmeralda López Lozano -- An eco-friendly drought mitigation through soil microorganisms and crop symbiosis in sustainable agriculture / Arinal Haq Izzawati Nurrahma, Hana Haruna Putri, Rofiqoh Purnama Ria -- Microbial interventions for improving wheat and maize production under low-nutrient soils / Akbar Hossain, Annika Jahan Aonti, Md. Israfil Haq -- Unraveling plant-microbe interactions with multiomics: state of the art and opportunities for sustainable agriculture / Frédérique Reverchon, Rosaura G. Alfaro-García, Juan Luis Monribot-Villanueva -- Plant growth-promoting microbes as effective agents in promoting abiotic stress tolerance of crops / Mahmoud W. Yaish, Boshra A. Halo. 
520 |a Provides readers with an overview of plant growth-promoting microorganisms and their molecular mechanisms to improve plant growth and soil health. 
532 1 |3 EBSCOhost  |a "EBSCO evaluates our products based on the Web Content Accessibility Guidelines (WCAG) and the related Section 508 and EN 301 549 regulations in the US and EU. Most EBSCO products are substantially conformant with WCAG 2.2 level AA." Source: https://connect.ebsco.com/s/article/EBSCO-VPATs?language=en_US. Last accessed April 22, 2025. 
588 |a Description based on resource, viewed October 31, 2025. 
650 0 |a Soil microbiology. 
650 0 |a Growth (Plants) 
650 6 |a Sols  |x Microbiologie. 
655 7 |a Electronic books.  |2 local 
700 1 |a Santoyo, Gustavo,  |e editor. 
710 2 |a ScienceDirect (Online service) 
856 4 0 |u http://proxy.library.tamu.edu/login?url=https://www.sciencedirect.com/science/book/9780443340550  |z Connect to the full text of this electronic book  |t 0 
955 |a Elsevier ScienceDirect 2026-2027 
994 |a 92  |b TXA 
999 f f |i 3348bd89-f3c2-4eee-ae2e-199b65b50c73  |s 090e8468-15fb-4345-aee7-faa0f9f753af  |t 0 
952 f f |a Texas A&M University  |b College Station  |c Electronic Resources  |s www_evans  |d Available Online  |t 0  |e QR111 .S65 2026  |h Library of Congress classification 
998 f f |a QR111 .S65 2026  |t 0  |l Available Online